000 01577cam a22003731 4500
001 143710
003 SpMaBN
005 20251011063139.0
008 981210s1972 sp spa
016 7 _abimoBNE20000199425
_zIND9800832865
_2SpMaBN
017 _aZ 314-1972
_bOficina Depósito Legal Zaragoza
035 _a(OCoLC)432724567
040 _aSpMaBN
_bspa
_cCDM
_dES-MaACL
080 _a31:613.83(460.224 Z.)
080 _a31:613.81(460.224 Z.)
100 _aSeva Díaz, Antonio,
_d1940-2004
_0XX1039969
_9227284
245 1 4 _aLos comportamientos frente al alcohol, tranquilizantes y estimulantes de la población activa de la ciudad de Zaragoza /
_cAntonio Seva Díaz... Juan José Vázquez Casabora... Jesús Tejero Juez
260 _aZaragoza :
_b[s.n.,
_c1972]
300 _a92 p., 1 h. ;
_c24 cm
490 0 _aPublicaciones de la Caja General de Ahorros de la Inmaculada Concepción
_v10
650 4 _aDrogas
_xConsumo
_911978
650 7 _aBebidas alcohólicas
_xConsumo
_9150008
700 1 _aVázquez Casabona, Juan José
_9113404
700 0 _aTejero Juez, Jesús
_9109605
830 0 _aPublicaciones de la Caja General de Ahorros de la Inmaculada Concepción
_v3
_9227285
852 _aES-MaACL
_bR.82269
_cDEPO2
_jC-43034
_9148901
942 _2udc
_cMONOGRAFIA
956 _a1 2
980 _aZ 314-1972
_aSpMaBN
_bBNALCALA
_jAHM/786384
_uProcede IBH
_cSG_PETANTI
980 _aSpMaBN
_bBNMADRID
_jVC/9289/14
_cSG_RECOLET
980 _aSpMaBN
_bBNMADRID
_jVC/9289/15
_cSG_RECOLET
999 _c143710
_d143710